书目信息 |
| 题名: |
植物地理学
|
|
| 作者: | 阎传海 编著 | |
| 分册: | ||
| 出版信息: | 北京 科学出版社 2001 |
|
| 页数: | 191页 | |
| 开本: | 26cm | |
| 丛书名: | ||
| 单 册: | ||
| 中图分类: | Q948.2 | |
| 科图分类: | ||
| 主题词: | 植物地理学 | |
| 电子资源: | ||
| ISBN: | 7-03-009813-7 | |
| 000 | 00737nam0 2200229 450 | |
| 001 | 002340511 | |
| 005 | 20070805110540.85 | |
| 010 | @a7-03-009813-7@dCNY20.00 | |
| 100 | @a20030331e20062001em y0chiy0110 ea | |
| 101 | 0 | @achi |
| 102 | @aCN@b110000 | |
| 105 | @ay z 000yy | |
| 106 | @ar | |
| 200 | 1 | @a植物地理学@Azhi wu di li xue@f阎传海编著@Fyan chuan hai bian zhu |
| 210 | @a北京@c科学出版社@d2001@h2006重印 | |
| 215 | @a191页@d26cm | |
| 330 | @a本书涵盖了植物地理学有关植物分类学、植物个体生态学、植物区系地理学、植物群落学、植被地理学以及自然保护学的主要内容。 | |
| 606 | 0 | @a植物地理学 |
| 690 | @aQ948.2@v4 | |
| 701 | 0 | @a阎传海@Ayan chuan hai@c(植物地理学教师)@4编著 |
| 801 | 0 | @aCN@bNLC@c20070805 |
| 905 | @dQ948.2@e180@f4 | |
| 植物地理学/阎传海编著.-北京:科学出版社,2001(2006重印) |
| 191页;26cm |
| ISBN 7-03-009813-7:CNY20.00 |
| 本书涵盖了植物地理学有关植物分类学、植物个体生态学、植物区系地理学、植物群落学、植被地理学以及自然保护学的主要内容。 |
| ● |
| 相关链接 |
|
|
|
|
正题名:植物地理学
索取号:Q948.2/180
 
预约/预借
| 序号 | 登录号 | 条形码 | 馆藏地/架位号 | 状态 | 备注 |
| 1 | 0851379 | 208513795 | 第二样本阅览室/ [索取号:Q948.2/180] | 在馆 | |
| 2 | 0851380 | 208513802 | 第三借阅区/ [索取号:Q948.2/180] | 在馆 | |
| 3 | 0851381 | 208513811 | 第三借阅区/ [索取号:Q948.2/180] | 在馆 | |
| 4 | 0851382 | 208513820 | 第三借阅区/ [索取号:Q948.2/180] | 在馆 |